| 000 | 00728nam a2200253Ia 4500 | ||
|---|---|---|---|
| 003 | OSt | ||
| 005 | 20220926015144.0 | ||
| 006 | a|||||r|||| 00| 0 | ||
| 007 | ta | ||
| 008 | 220923b |||||||| |||| 00| 0 eng d | ||
| 020 | _a0195077857 | ||
| 037 | _cGeneral Book | ||
| 040 |
_aRTL _cRTL _beng |
||
| 041 |
_2eng _aeng |
||
| 082 | _aH, N3 | ||
| 100 |
_aOfficer Charles _9321699 |
||
| 245 | 0 |
_aTales of the earth _b Paroxysms and perturbations of the blue planet |
|
| 260 |
_aNew York _bOxford U S A _c1993 |
||
| 300 |
_axiii,226p. Bib p. 213-24 _ccm. |
||
| 650 |
_aGeology _915465 |
||
| 700 |
_a Page Jake _914195 |
||
| 942 |
_hH, N3 _cGB _2CC |
||
| 999 |
_c630685 _d630685 |
||